Thám tử lừng danh Conan : Truyện tranh Tập 8

Nội dung câu truyện, cậu học sinh trung học 16 tuổi Shinichi Kudo bị biến thành cậu bé Conan Edogawa. Shinichi trong phần đầu của Thám tử lừng danh Conan được miêu tả là một thám tử học đường. Trong một lần đi chơi công viên "Miền Nhiệt đớ...

全面介紹

Đã lưu trong:
書目詳細資料
主要作者: Aoyana, Gosho
格式: 圖書
語言:Vietnamese
出版: H. Kim Đồng 2020
版:Tái bản lần thứ 12
主題:
標簽: 添加標簽
沒有標簽, 成為第一個標記此記錄!
Thư viện lưu trữ: Thư viện Trường Đại học Nam Cần Thơ
LEADER 01648nam a22002057a 4500
001 NCT_137476
008 220617b xxu||||| |||| 00| 0 vie d
999 |c 7095  |d 7095 
020 |a 9786042161633  |c 20000 
082 0 4 |2 23rd ed.  |a 895.63  |b A638 
100 1 |a Aoyana, Gosho 
245 1 0 |a Thám tử lừng danh Conan :  |b Truyện tranh  |n Tập 8  |c Gosho Aoyana ; Nhiều người dịch 
250 |a Tái bản lần thứ 12 
260 |a H.  |b Kim Đồng  |c 2020 
300 |a 188 tr.  |b Tranh vẽ  |c 18 cm 
520 3 |a Nội dung câu truyện, cậu học sinh trung học 16 tuổi Shinichi Kudo bị biến thành cậu bé Conan Edogawa. Shinichi trong phần đầu của Thám tử lừng danh Conan được miêu tả là một thám tử học đường. Trong một lần đi chơi công viên "Miền Nhiệt đới" với cô bạn từ thuở nhỏ (cũng là bạn gái) Ran Mori , cậu bị dính vào vụ án một hành khách trên Chuyến tàu tốc hành trong công viên, Kishida , bị giết trong một vụ án cắt đầu rùng rợn. Cậu đã làm sáng tỏ vụ án và trên đường về nhà, chứng kiến một vụ làm ăn mờ ám của những người đàn ông mặc toàn đồ đen. Kudo bị....... 
653 |a Tham khảo 
942 |2 ddc  |c BK 
952 |0 0  |1 0  |2 ddc  |4 0  |6 895_630000000000000_A638  |7 0  |9 25214  |a 000001  |b 000001  |d 2022-06-17  |o 895.63 A638  |p TK.02742  |r 2022-06-17  |v 20000.00  |w 2022-06-17  |y BK 
980 |a Thư viện Trường Đại học Nam Cần Thơ